| 000 | 00661cam a2200181 i 4500 | ||
|---|---|---|---|
| 005 | 20251112131746.0 | ||
| 008 | 250721s2002 xx 000 0 ara d | ||
| 082 | 1 | 4 |
_a189.12 _bا ح م |
| 100 | 1 |
_aأحمد، عزمي طه السيد _eمؤلف. |
|
| 245 | 1 | 2 | _aالدين والآيديولوجيا في مشروع الفارابي السياسي / |
| 250 | _aالطبعة الأولى. | ||
| 264 | 3 | 1 |
_aالمفرق : _bدار المسار للنشر والتوزيع، _c2002. |
| 300 | _a182 صفحة. | ||
| 650 | 1 | 7 | _aالفلسفة الإسلامية. |
| 650 | 1 | 7 | _aفلسفة الفارابي. |
| 942 |
_2ddc _cBK |
||
| 999 |
_c62211 _d62211 |
||